Historia del movimiento obrero puertorriqueño: 1872-1978 /

Sparad:
Bibliografiska uppgifter
Huvudupphovsman: García, Gervasio Luis
Övriga upphovsmän: Quintero Rivera, Angel G.
Materialtyp: Text
Publicerad: s.n.t. :
Taggar: Lägg till en tagg
Inga taggar, Lägg till första taggen!

MARC

LEADER 00000 a a2200000 04500
001 19176
003
040 |a CRAI/IIS  |c CRAI/IIS 
090 |a 018900  
100 |a García, Gervasio Luis  
245 |a Historia del movimiento obrero puertorriqueño: 1872-1978 /  |c Gervasio Luis García 
260 |a s.n.t. :  
300 |a 113 p.  
700 |a Quintero Rivera, Angel G.  
999 |c 17104  |d 17104